000 00283nam a2200121 a 4500
008 110309s1990|||| d
245 1 0 _a300 rád pre včelárov
100 1 _aZeiler, Claus
260 _bPríroda
_aBratislava
_c1990
020 _c35
044 _axo
_cSK
041 _aslo
999 _c18093
_d18093